LIBRARY ONLINE CATALOGUE

Najisikia kuua tena. (Record no. 13901)

MARC details
000 -LEADER
fixed length control field 00566cam a22002052 4500
001 - CONTROL NUMBER
control field 0000024268
005 - DATE AND TIME OF LATEST TRANSACTION
control field 20151217155914.0
008 - FIXED-LENGTH DATA ELEMENTS--GENERAL INFORMATION
fixed length control field 130624s xx 000 0 eng d
020 ## - INTERNATIONAL STANDARD BOOK NUMBER
International Standard Book Number 9966469532 :
040 ## - CATALOGING SOURCE
Original cataloging agency KABU
Transcribing agency KABU
050 #0 - LIBRARY OF CONGRESS CALL NUMBER
Classification number PL8704
Item number .M76N35 1993
100 1# - MAIN ENTRY--PERSONAL NAME
Personal name Mtobwa, Ben.
-- 0000152152
245 10 - TITLE STATEMENT
Title Najisikia kuua tena.
260 ## - PUBLICATION, DISTRIBUTION, ETC. (IMPRINT)
Place of publication, distribution, etc. Nairobi :
Name of publisher, distributor, etc. Mkuki Books,
Date of publication, distribution, etc. 1993.
300 ## - PHYSICAL DESCRIPTION
Extent 100 p.
650 #0 - SUBJECT ADDED ENTRY--TOPICAL TERM
Topical term or geographic name as entry element Swahili fiction.
-- 0000184263
852 1# - LOCATION
-- p320 KES
908 ## - PUT COMMAND PARAMETER (RLIN)
Put command parameter 130624
950 ## - LOCAL HOLDINGS (RLIN)
-- 1
Holdings
Withdrawn status Lost status Source of classification or shelving scheme Not for loan Home library Current library Date acquired Total Checkouts Full call number Barcode Date last seen Price effective from Koha item type Total Renewals Date last checked out Copy number Cost, replacement price
    Library of Congress Classification   Kabarak, Main Campus Kabarak, Main Campus 17/12/2015   PL8704 .M76N35 1993 c. 1 015443 17/12/2015 17/12/2015 Africana Collection        
    Library of Congress Classification   Kabarak, Main Campus Kabarak, Main Campus 22/09/2017 15 PL8704 .M76N35 1993 c.2 027661 21/11/2023 22/09/2017 General Collection 4 12/07/2022 c.2 394.40